La sociedad de la información en América Latina y el Caribe: desarrollo de las tecnologías y tecnologías para el desarrollo
Tallennettuna:
| Päätekijät: | , |
|---|---|
| Aineistotyyppi: | Kirja |
| Kieli: | espanja |
| Julkaistu: |
Santiago
Cepal
2009
|
| Painos: | 1a. ed |
| Sarja: | Libros de la CEPAL, 98
|
| Aiheet: | |
| Tagit: |
Lisää tagi
Ei tageja, Lisää ensimmäinen tagi!
|
MARC
| LEADER | 00000nam a2200000 a 4500 | ||
|---|---|---|---|
| 001 | UCH4781 | ||
| 003 | CL-VaPUC | ||
| 008 | 090903e20090200CL |||||||||||||||||spa|d | ||
| 020 | |a 9789213231777 | ||
| 082 | 0 | 4 | |a 370.1 |b PER |2 21 |
| 100 | 0 | |a Peres, Wilson |e author |9 540720 | |
| 700 | 0 | |a Hilbert, Martin |e author |9 540721 | |
| 245 | 1 | 3 | |a La sociedad de la información en América Latina y el Caribe: desarrollo de las tecnologías y tecnologías para el desarrollo |
| 250 | |a 1a. ed | ||
| 300 | |a 381 p | ||
| 942 | |c BK | ||
| 945 | |d 20090903 00:00:00 |a dcastane | ||
| 260 | |a Santiago |b Cepal |c 2009 | ||
| 650 | 0 | |a Filosofía de la educación |9 258384 | |
| 650 | 0 | |a Globalización |9 361930 | |
| 650 | 0 | |a Sociedad de la información |9 417579 | |
| 650 | 0 | |a Medios de comunicación de masas |9 257273 | |
| 650 | 0 | |a Tecnología de la información |9 254825 | |
| 583 | |a last modification |c 20090903 00:00:00 |k Rodrigo Vera | ||
| 490 | 0 | |a Libros de la CEPAL, 98 | |
| 999 | |c 336049 |d 336047 | ||
| 952 | |0 0 |1 0 |4 0 |6 370_100000000000000_PER_2009 |7 0 |8 A |9 426939 |a BIBGIM |b BIBGIM |d 2019-11-22 |i 4597249 |o 370.1 PER 2009 |p 4597249 |r 2025-01-15 |w 2019-11-22 |y BK |k SSL | ||